|
|
|
|
| LEADER |
05430nam a22004217a 4500 |
| 001 |
19203 |
| 003 |
BD-DhAAL |
| 005 |
20260225094750.0 |
| 008 |
211114r20232008ii ||||| |||| 001 0 ben d |
| 020 |
|
|
|a 9788129508102
|
| 040 |
|
|
|a BD-DhAAL
|d BD-DhAAL
|
| 041 |
|
|
|a ben
|
| 082 |
|
|
|a 954.14
|
| 100 |
|
|
|a সেনগুপ্ত, নীতিশ.
|9 42594
|
| 245 |
|
|
|a বঙ্গভূমি ও বাঙালির ইতিহাস /
|c নীতিশ সেনগুপ্ত.
|
| 246 |
|
|
|a Bangahumi o Bangalir itihas
|
| 260 |
|
|
|a কলকাতা :
|b দে'জ পাবলিশিং,
|c ২০০৮ [পুনমুর্দ্রণ ২০১৮,২০২৩ ].
|
| 300 |
|
|
|a ৪৮৮ পৃষ্ঠা ;
|c ২২ সে.মি.
|
| 500 |
|
|
|a প্রথম প্রকাশ ২০০৮
|
| 504 |
|
|
|a গ্রন্থপঞ্জিগত নির্দেশিকা ও নির্ঘণ্ট অন্তর্ভুক্ত।
|
| 526 |
|
|
|a Research project title " Shalish : A traditional dispute settlement mechanism within the formal legal framework" (SOL)
project duration January to June 2021 (3010037557)
GenEd (RS)
|x Dr. Tahseen H. Ali
Assistant Dean of the School of General Education
Course name and No. :- Emergence of Bangladesh '(EMB-101)'
|
| 541 |
|
|
|a Complimentary copy from "Shalish" (SOL)
Hye Trade International
|e 19203, 37558, 45369, 45370, 45371, 45372, 45373, 45374, 45375, 45376, 45377
|
| 650 |
|
|
|a Bengal (India)
|x History.
|9 42595
|
| 852 |
|
|
|a Ayesha Abed Library
|c General Stacks
|
| 942 |
|
|
|2 ddc
|c BK
|
| 999 |
|
|
|c 43324
|d 43324
|
| 952 |
|
|
|0 0
|1 0
|2 ddc
|4 0
|6 954_140000000000000_SEN
|7 0
|9 69493
|a BRACUL
|b BRACUL
|c GEN
|d 2021-11-14
|e Complimentary copy from "Shalish" (SOL)
|g 500.00
|l 24
|m 86
|o 954.14 SEN
|p 3010037558
|r 2026-05-18
|s 2025-12-04
|t 2
|w 2021-11-14
|y BK
|
| 952 |
|
|
|0 0
|1 0
|2 ddc
|4 0
|6 954_140000000000000_SEN
|7 0
|9 73847
|a BIGD
|b BIGD
|d 2023-06-20
|g 395.00
|l 0
|o 954.14 SEN
|p 3050019203
|r 2023-06-20
|t 1
|w 2023-06-20
|y BK
|x Transferred from BDI to BIGD ; Rs 300.00
|
| 952 |
|
|
|0 0
|1 0
|2 ddc
|4 0
|6 954_140000000000000_SEN
|7 0
|9 78736
|a SCL
|b SCL
|c GEN
|d 2026-01-29
|e Hye Trade International
|g 1499.00
|l 1
|o 954.14 SEN
|p 3020045376
|r 2026-03-09
|s 2026-03-05
|t 11
|v 2998.00
|w 2026-01-29
|y BK
|x Requisitioned by Dr. Tahseen H. Ali (Assistant Dean of the School of General Education), for the course named - 'Emergence of Bangladesh (EMB-101)'
|
| 952 |
|
|
|0 0
|1 0
|2 ddc
|4 0
|6 954_140000000000000_SEN
|7 0
|9 78737
|a SCL
|b SCL
|c GEN
|d 2026-01-29
|e Hye Trade International
|g 1499.00
|l 0
|o 954.14 SEN
|p 3020045375
|r 2026-01-29
|t 10
|v 2998.00
|w 2026-01-29
|y BK
|x Requisitioned by Dr. Tahseen H. Ali (Assistant Dean of the School of General Education), for the course named - 'Emergence of Bangladesh (EMB-101)'
|
| 952 |
|
|
|0 0
|1 0
|2 ddc
|4 0
|6 954_140000000000000_SEN
|7 0
|9 78738
|a SCL
|b SCL
|c GEN
|d 2026-01-29
|e Hye Trade International
|g 1499.00
|l 0
|o 954.14 SEN
|p 3020045371
|r 2026-01-29
|t 6
|v 2998.00
|w 2026-01-29
|y BK
|x Requisitioned by Dr. Tahseen H. Ali (Assistant Dean of the School of General Education), for the course named - 'Emergence of Bangladesh (EMB-101)'
|
| 952 |
|
|
|0 0
|1 0
|2 ddc
|4 0
|6 954_140000000000000_SEN
|7 0
|9 78739
|a SCL
|b SCL
|c GEN
|d 2026-01-29
|e Hye Trade International
|g 1499.00
|l 0
|o 954.14 SEN
|p 3020045368
|r 2026-01-29
|t 3
|v 2998.00
|w 2026-01-29
|y BK
|x Requisitioned by Dr. Tahseen H. Ali (Assistant Dean of the School of General Education), for the course named - 'Emergence of Bangladesh (EMB-101)'
|
| 952 |
|
|
|0 0
|1 0
|2 ddc
|4 0
|6 954_140000000000000_SEN
|7 0
|9 78740
|a SCL
|b SCL
|c GEN
|d 2026-01-29
|e Hye Trade International
|g 1499.00
|l 0
|o 954.14 SEN
|p 3020045372
|r 2026-01-29
|t 7
|v 2998.00
|w 2026-01-29
|y BK
|x Requisitioned by Dr. Tahseen H. Ali (Assistant Dean of the School of General Education), for the course named - 'Emergence of Bangladesh (EMB-101)'
|
| 952 |
|
|
|0 0
|1 0
|2 ddc
|4 0
|6 954_140000000000000_SEN
|7 0
|9 78741
|a SCL
|b SCL
|c GEN
|d 2026-01-29
|e Hye Trade International
|g 1499.00
|l 0
|o 954.14 SEN
|p 3020045369
|r 2026-03-05
|t 4
|v 2998.00
|w 2026-01-29
|y BK
|x Requisitioned by Dr. Tahseen H. Ali (Assistant Dean of the School of General Education), for the course named - 'Emergence of Bangladesh (EMB-101)'
|
| 952 |
|
|
|0 0
|1 0
|2 ddc
|4 0
|6 954_140000000000000_SEN
|7 0
|9 78742
|a SCL
|b SCL
|c GEN
|d 2026-01-29
|e Hye Trade International
|g 1499.00
|l 0
|o 954.14 SEN
|p 3020045373
|r 2026-01-29
|t 8
|v 2998.00
|w 2026-01-29
|y BK
|x Requisitioned by Dr. Tahseen H. Ali (Assistant Dean of the School of General Education), for the course named - 'Emergence of Bangladesh (EMB-101)'
|
| 952 |
|
|
|0 0
|1 0
|2 ddc
|4 0
|6 954_140000000000000_SEN
|7 0
|9 78743
|a SCL
|b SCL
|c GEN
|d 2026-01-29
|e Hye Trade International
|g 1499.00
|l 0
|o 954.14 SEN
|p 3020045374
|r 2026-01-29
|t 9
|v 2998.00
|w 2026-01-29
|y BK
|x Requisitioned by Dr. Tahseen H. Ali (Assistant Dean of the School of General Education), for the course named - 'Emergence of Bangladesh (EMB-101)'
|
| 952 |
|
|
|0 0
|1 0
|2 ddc
|4 0
|6 954_140000000000000_SEN
|7 0
|9 78744
|a SCL
|b SCL
|c GEN
|d 2026-01-29
|e Hye Trade International
|g 1499.00
|l 0
|o 954.14 SEN
|p 3020045377
|r 2026-01-29
|t 12
|v 2998.00
|w 2026-01-29
|y BK
|x Requisitioned by Dr. Tahseen H. Ali (Assistant Dean of the School of General Education), for the course named - 'Emergence of Bangladesh (EMB-101)'
|
| 952 |
|
|
|0 0
|1 0
|2 ddc
|4 0
|6 954_140000000000000_SEN
|7 0
|9 78745
|a SCL
|b SCL
|c GEN
|d 2026-01-29
|e Hye Trade International
|g 1499.00
|l 1
|m 1
|o 954.14 SEN
|p 3020045370
|r 2026-05-09
|s 2026-03-05
|t 5
|v 2998.00
|w 2026-01-29
|y BK
|x Requisitioned by Dr. Tahseen H. Ali (Assistant Dean of the School of General Education), for the course named - 'Emergence of Bangladesh (EMB-101)'
|